000 01152nam1a2200337 4500
001 RU\NLR\BIBL_A\022714308
005 20260327114853.0
010 _a978-5-17-181123-5
035 _a(NLR Aleph) 022714308
090 _a13635945
_c13635945
100 _a20260409 rusy50
101 1 _arus
_cchi
102 _aRU
105 _a z
181 0 _ai3
_baxxe
182 0 _an
200 1 _aПутешествие цветка
_eроман
_fГо Го
_gперевод с китайского Миланы Волокитиной
203 _aТекст
_bвизуальный
_cнепосредственный
210 _aМосква
_cАСТ
_d2026-
215 _d21
225 1 _aХиты Китая
_iФэнтези
333 _a18+
686 1 _aШ6(5Кит)77-445{Лх2179-62}
700 0 _7ca
_8rus
_aГо Го
_f1986-
_92700283
_3RU\NLR\AUTH\770290910
702 1 _aВолокитина
_bМ. С.
_gМилана С.
_4730
852 _aNLR
_j2026-3/1690
942 _cBOOK
980 _aNB